|
|
|
|
| LEADER |
02320nam a2200409 a 4500 |
| 001 |
EBC480454 |
| 003 |
MiAaPQ |
| 005 |
20200520144314.0 |
| 006 |
m o d | |
| 007 |
cr cn||||||||| |
| 008 |
090528s2009 enka sb 001 0 eng |
| 010 |
|
|
|z 2009021630
|
| 015 |
|
|
|a GBA904286
|2 bnb
|
| 016 |
7 |
|
|z 014877603
|2 Uk
|
| 020 |
|
|
|z 9780470743027 (cloth)
|
| 020 |
|
|
|z 0470743026 (cloth)
|
| 035 |
|
|
|a (MiAaPQ)EBC480454
|
| 035 |
|
|
|a (Au-PeEL)EBL480454
|
| 035 |
|
|
|a (CaPaEBR)ebr10361085
|
| 035 |
|
|
|a (CaONFJC)MIL248310
|
| 035 |
|
|
|a (OCoLC)656140895
|
| 040 |
|
|
|a MiAaPQ
|c MiAaPQ
|d MiAaPQ
|
| 050 |
|
4 |
|a HF5415
|b .A743 2009
|
| 082 |
0 |
4 |
|a 658.8
|2 22
|
| 100 |
1 |
|
|a Arnold, Chris.
|
| 245 |
1 |
0 |
|a Ethical marketing and the new consumer
|h [electronic resource] /
|c Chris Arnold.
|
| 260 |
|
|
|a Chichester, U.K. :
|b Wiley,
|c 2009.
|
| 300 |
|
|
|a xv, 272 p. :
|b ill.
|
| 504 |
|
|
|a Includes bibliographical references and index.
|
| 505 |
0 |
|
|a The power of brand ethos -- Ethical : reality or a brand image? -- Churn and the disposable society -- Bad tasting medicine -- It's not what you say but what you do -- Brand terrorism -- Survival and security -- Engaging the consumer, sharing responsibility -- Finding reasons to buy -- Research and surveys -- The business and religion of ethics -- Fairtrade -- Food waste and recycling -- Recycling for resale -- Turning recycling into good marketing -- The ethical sphere -- Language and persuasion -- How to be a creative marketer -- Fat and fit : obesity and health -- Selling ethical behaviour -- From brand values to brand value -- Fast fashion -- Washing green -- Green insurance and finance.
|
| 520 |
|
|
|a Ethical marketing isn't just about environmentalism, it's far bigger than that. This book challenges a lot of conventional thinking and introduces you to a wider range of ethics and the many types of ethical consumers. --from publisher description.
|
| 533 |
|
|
|a Electronic reproduction. Ann Arbor, MI : ProQuest, 2015. Available via World Wide Web. Access may be limited to ProQuest affiliated libraries.
|
| 650 |
|
0 |
|a Marketing
|x Moral and ethical aspects.
|
| 650 |
|
0 |
|a New Age consumers.
|
| 655 |
|
4 |
|a Electronic books.
|
| 710 |
2 |
|
|a ProQuest (Firm)
|
| 856 |
4 |
0 |
|u https://ebookcentral.proquest.com/lib/matrademy/detail.action?docID=480454
|z Click to View
|